| 000 | 01260nam0a22002891 4500 | ||
|---|---|---|---|
| 001 | v19\rc\1850241 | ||
| 005 | 20260406141058.0 | ||
| 035 | _a(NLR Aleph) 005258644 | ||
| 090 |
_a5878464 _c5878464 |
||
| 100 | _a20080221d1909 |||y0rusy50 ca | ||
| 101 | 0 | _arus | |
| 102 | _aRU | ||
| 105 | _ay z |||a| | ||
| 200 | 1 |
_aГоре от ума. Комедия А.С. Грибоедова _eПодроб. разбор в связи с характеристикой действующих лиц _f[Соч.] Н.Г. Григорьева |
|
| 210 |
_aСанкт-Петербург _cОбразование _d1909 |
||
| 215 |
_a79 с. _d19 |
||
| 225 | 1 |
_aШкольная библиотека _v№ 1 |
|
| 300 | _aНа 4 с. обл. вых. дан.: Варшава: Образование | ||
| 700 | 1 |
_7ca _8rus _aГригорьев _bН. Г. _cлитературовед _f19 в. _963921 _3RU\NLR\AUTH\7780993 |
|
| 702 | 1 |
_4570 _7ca _8rus _aГрибоедов _bА. С. _f1795-1829 _gАлександр Сергеевич _9113290 _3RU\NLR\AUTH\773285 |
|
| 801 | 2 |
_aRU _bNLR _c20091011 _2rusmarc |
|
| 801 | 0 |
_aRU _bNLR _c20080221 _gpsbo |
|
| 801 | 0 |
_aRU _bRuMoRGB _c20080221 _2psbo |
|
| 801 | 1 |
_aRU _bProSoft-M _c20080221 _2rusmarc |
|
| 852 |
_aNLR _j61-4/17017 |
||
| 942 | _cBOOK | ||
| 980 | _aNB | ||